01149nam a22002297a 4500003000800000008004100008037002000049039004000069040003500109041000800144080001200152100003300164245017900197260008700376300002000463500015800483650009300641655001800734942001200752999001700764952013800781BI-BuBU260323b2024 bd fr|||| 000 0 fre d bdon de l'auteur a20260323144643.0bEdouard Niyonkuru aBI-BuBUbfrecBI-BuBUdBI-BuBU0 afre a333.0131 4aut.aBaranyirekeye, Prosper10aProblematique de statut juridiques des terres domanialesbCas des terres dites paysannats situées à Maramvya, commune Mutimbuzi, province BujumburacProsper Baranyirekeye aBujumburabUniversité du Burundi, faculté des Sciences Politiques et Juridique aX-76 f.c30 cm. aMémoire présenté et défendu publiquement en vue de l'obtention de diplôme de Master rn Droits de l'homme et Résolution Pacifique des Conflits 72BI-BuBUaPropriété foncièrexStatut juridiquexproblématiquezMutimbuzi(commune) 72BI-BuBUabook 2udccBK c53652d53652 00102udc4071985481aBCbBCd2026-03-23edon de l'auteurl0oR.333.013.BAR.p5040000004719r2026-03-23t1w2026-03-23yMEMi242213